00689 a2200169 45000010006000000050017000060080041000230030015000640400040000790800118001192450159002370200022003962640044004183000024004620410008004861000025004946145620260407155905.0260407a1990 arg spa dAR-UNSa-BCEJYS aAR-UNSa-BCEJYSbspacAR-UNSa-BCEJYS a343.359xDelitos contra el fisco y otras autoridades administrativas (Derecho Penal Tributario, Delitos fiscales)10aDelitos cambiarios y responsabilidad penal de las personas jurídicaspEn la ley penal cambiaria, en el Código Aduanero, Procedimiento ante el B.C.R.A. a978-950-14-0264-3 1aBuenos Aires :bEdiciones Depalmac1990 aviii, 97 p.c20 cm. aspa1 aMoncayo, Néstor J.